Fishing experiment and limnology in tonle sap lake, siem reap province (ការនេសាទពិសោធន៏និងលីមណូវិទ្យា"បឹងទន្លេសាបខេត្តសៀមរាប") (Record no. 3703)
[ view plain ]
| 000 -LEADER | |
|---|---|
| fixed length control field | 00591nam a22001577a 4500 |
| 003 - CONTROL NUMBER IDENTIFIER | |
| control field | OSt |
| 005 - DATE AND TIME OF LATEST TRANSACTION | |
| control field | 20151130083420.0 |
| 008 - FIXED-LENGTH DATA ELEMENTS--GENERAL INFORMATION | |
| fixed length control field | 151130b xxu||||| |||| 00| 0 eng d |
| 040 ## - CATALOGING SOURCE | |
| Transcribing agency | RUA |
| 082 ## - DEWEY DECIMAL CLASSIFICATION NUMBER | |
| Classification number | FIS MEN 1996 B162 Or.1 |
| 100 ## - MAIN ENTRY--PERSONAL NAME | |
| 9 (RLIN) | 3981 |
| Personal name | MENG, BUNNARITH. |
| 245 ## - TITLE STATEMENT | |
| Title | Fishing experiment and limnology in tonle sap lake, siem reap province (ការនេសាទពិសោធន៏និងលីមណូវិទ្យា"បឹងទន្លេសាបខេត្តសៀមរាប") |
| 260 ## - PUBLICATION, DISTRIBUTION, ETC. (IMPRINT) | |
| Place of publication, distribution, etc. | Phnom penh |
| Name of publisher, distributor, etc. | RUA |
| Date of publication, distribution, etc. | 1996 |
| 300 ## - PHYSICAL DESCRIPTION | |
| Extent | 98p. |
| Other physical details | ill. |
| Dimensions | 29cm. |
| 942 ## - ADDED ENTRY ELEMENTS (KOHA) | |
| Source of classification or shelving scheme | |
| Koha item type | FIS |
| Price effective from | Date last seen | Permanent Location | Not for loan | Date acquired | Source of classification or shelving scheme | Koha item type | Barcode | Lost status | Damaged status | Shelving location | Withdrawn status | Current Location | Full call number |
|---|---|---|---|---|---|---|---|---|---|---|---|---|---|
| 2015-11-30 | 2015-11-30 | Library Block B | 2015-11-30 | FIS | RUA027352 | B162 | Library Block B | FIS MEN 1996 B162 Or.1 | |||||
| 2015-11-30 | 2015-11-30 | Library Block B | 2015-11-30 | FIS | RUA011532 | B162 | Library Block B | FIS MEN 1996 B162 Or.2 | |||||
| 2015-11-30 | 2015-11-30 | Library Block B | 2015-11-30 | FIS | RUA011604 | B162 | Library Block B | FIS MEN 1996 B162 Or.3 | |||||
| 2015-11-30 | 2015-11-30 | Library Block B | 2015-11-30 | FIS | RUA025583 | B162 | Library Block B | FIS MEN 1996 B162 Or.4 | |||||
| 2015-11-30 | 2015-11-30 | Library Block B | 2015-11-30 | FIS | RUA025792 | B162 | Library Block B | FIS MEN 1996 B162 Or.5 | |||||
| 2015-11-30 | 2015-11-30 | Library Block B | 2015-11-30 | FIS | RUA011302 | B162 | Library Block B | FIS MEN 1996 B162 Or.6 |